000 00673nam a2200241Ia 4500
003 OSt
005 20220925212648.0
006 a|||||r|||| 00| 0
007 ta
008 220923b |||||||| |||| 00| 0 eng d
037 _cGeneral Book
040 _aRTL
_cRTL
_beng
041 _2eng
_aeng
082 _aX:8DR, L1
100 _aGilchrist R R
_9277130
245 0 _aManaging for profit
_b The added value concept
260 _aLondon
_bAllen and Unwin UK
_c1971
300 _a165p.
_ccm.
500 _aBibliography P 160,; Glossary P 161-62
650 _aFinance
942 _hX:8DR, L1
_cGB
_2CC
999 _c560884
_d560884